00253nam a2200109Ia 4500008004100000041000800041082001500049100001700064245001200081260003900093365001100132240624s9999 xx 000 0 und d aeng a793.73 SWA aSWARUP VIKAS aQ AND A c2009aNew DelhibPrabhat Prakashan cRSb20